Base de l’islam - Statistiques

Statistiques générales
  • Ce quiz a été pris 100 fois
  • Le résultat moyen est 7 sur 10
Statistiques - réponses
Question Réponse % Correct
Qu’est ce que le Shirk (l’association / le polythéisme ) ? Donner un associé à Allah dans l’adoration de sa divinité
92%
Après le Coran de quelles source s’appuie les savants pour émettre des avis juridiques ? La sunna du Prophète (Saws)
90%
Quelle est le pire péché qu’Allah ne pardonne pas si l’on ne s’en repent pas avant notre mort? L’association ( Shirk )
89%
Quelle est la première matière à étudier en sciences islamique ? Le tawhid ( unicité de dieu)
88%
Quelles sont les sourates protectrice ? Les 3 derniers sourates
73%
Qu’est-ce que la bid’a ( innovation ) qui est strictement interdite ? Toute action ou paroles religieuse que le prophète (saws) n’a pas faite et que les gens aujourd’hui pratiquent
72%
Qui étais al-Salaf al-Salih (les pieux prédécesseurs) ? Les compagnons du prophète, leurs élèves et les élèves de ceux-ci
67%
Lors l’ascension (Al-miraj) du prophète(saws) au cieux combien de prières Allah a t’il ordonné au hommes d’accomplir avant que Muhammad(saws) ne demande un allègement ? 50
55%
Qui était l’élève d’Ibn Taymiyya ( Grand savant du 13-14 ème siècle)? Ibn Qayyim
49%
À quelle période la révélation du Coran était elle plus axée sur la croyance? À la Mecque
28%
Aucun quiz correspondant
Distribution des résultats
% des personnes avec chaque résultat
Percentile par nombre de réponses
Votre historique - résultats
Vous n’avez pas pris ce quiz